000 00697nam a2200193 4500
999 _c83415
_d320692
003 OSt
005 20221003114614.0
008 221003b2014 le ||||g |||| 00| 0 ara d
040 _aMa-Un
_cMa-Un
082 0 4 _221
_a953.01
_bك ش د
100 1 _aكاظم، شاكر مجيد
_9105429
245 1 0 _aدراسات في تاريخ العرب قبل الإسلام /
_cشاكر مجيد كاظم.
250 _aط. 1.
260 _aبيروت :
_bدار الفيحاء،
_c2014
_m1435.
300 _a157 ص. ؛
_c24 سم.
504 _aيشتمل على قائمة ببليوجرافية.
651 7 _aالبلاد العربية
_xتاريخ
_yالعصر الجاهلي
_9105430
942 _2ddc
_cBOOK